OECD Integrity Scan of Kazakhstan Preventing Corruption for a Competitive Economy
Enregistré dans:
| Format: | Livre |
|---|---|
| Langue: | anglais |
| Publié: |
Paris
OECD
2017
|
| Collection: | OECD Public Governance Reviews
|
| Sujets: | |
| Tags: |
Pas de tags, Soyez le premier à ajouter un tag!
|
MARC
| LEADER | 00000nam a2200000 4500 | ||
|---|---|---|---|
| 001 | 0242226 | ||
| 005 | 20240314123325.6 | ||
| 020 | |a 978-92-64-27287-3 | ||
| 041 | 0 | |a eng | |
| 044 | |a FR | ||
| 245 | 1 | 0 | |a OECD Integrity Scan of Kazakhstan |b Preventing Corruption for a Competitive Economy |
| 264 | 1 | |a Paris |b OECD |c 2017 | |
| 300 | |a 311 s. | ||
| 490 | 1 | |a OECD Public Governance Reviews | |
| 830 | 0 | |a OECD Public Governance Reviews | |
| 610 | 2 | 0 | |a správa verejná |
| 610 | 2 | 0 | |a správa štátna |
| 610 | 2 | 0 | |a samospráva |
| 610 | 2 | 0 | |a korupcia |
| 610 | 2 | 0 | |a konkurencieschopnosť |
| 610 | 2 | 0 | |a rozpočty verejné |
| 610 | 2 | 0 | |a spolupráca rozvojová |
| 610 | 2 | 0 | |a dane |
| 610 | 2 | 0 | |a transparentnosť |
| 610 | 2 | 0 | |a lobizmus |
| 610 | 2 | 0 | |a médiá |
| 610 | 2 | 0 | |a úplatkárstvo |
| 610 | 2 | 0 | |a Kazachstan |